Unusual NFL First Names Quiz #2 - Statistics

General Stats
  • This quiz has been taken 102 times
  • The average score is 14 of 30
Answer Stats
First Name Last Name % Correct
Le'Veon Bell
93%
Vita Vea
90%
Tiki Barber
89%
Ha Ha Clinton-Dix
82%
Equanimeous St. Brown
78%
JaMarcus Russell
77%
Thurman Thomas
59%
Ahman Green
55%
Y.A. Tittle
54%
Boomer Esiason
53%
Paxton Lynch
53%
Rodrigo Blankenship
52%
Linval Joseph
50%
Cadillac Williams
48%
Boston Scott
46%
Kordell Stewart
46%
Warrick Dunn
45%
Chidobe Awuzie
42%
Akili Smith
41%
Elgton Jenkins
35%
BenJarvus Green-Ellis
34%
Muhsin Muhammad
30%
Merlin Olsen
22%
London Fletcher
21%
Alge Crumpler
20%
Laveranues Coles
17%
Captain Munnerlyn
16%
Orleans Darkwa
13%
Natrone Means
13%
Visanthe Shiancoe
8%
No matching quizzes found
Score Distribution
Percent of People with Each Score
Percentile by Number Answered
Your Score History
You have not taken this quiz